Quantifying the effects of land conditions on rice growth

Enregistré dans:
Détails bibliographiques
Auteur principal: David Casanova
Format: Livre
Langue:Undetermined
Publié: The Netherland Wageningen Agricultural University 1998
Sujets:
Tags: Ajouter un tag
Pas de tags, Soyez le premier à ajouter un tag!
Thư viện lưu trữ: Trung tâm Học liệu Trường Đại học Cần Thơ
LEADER 00570nam a2200181Ia 4500
001 CTU_38969
008 210402s9999 xx 000 0 und d
082 |a 631.47 
082 |b C335 
100 |a David Casanova 
245 0 |a Quantifying the effects of land conditions on rice growth 
245 0 |c David Casanova 
260 |a The Netherland 
260 |b Wageningen Agricultural University 
260 |c 1998 
650 |a Land use surveys,remote sensing,rice,rice - soils,soils 
904 |i Liên, 000519 
980 |a Trung tâm Học liệu Trường Đại học Cần Thơ